L'Iliade et l'Odyssée - Statistiques

Statistiques générales
  • Ce quiz a été pris 77 fois
  • Le résultat moyen est 7 sur 12
Statistiques - réponses
Question Réponse % Correct
Qui est l'auteur de l'Iliade et l'Odyssée ? Homère
100%
Quelle guerre est racontée dans l'Iliade ? Guerre de Troie
96%
Quel Troyens enlève Hélène, la femme de Ménélas, roi de Sparte ? Pâris
78%
Par quelle déesse était-il protégé ? Athéna
76%
Qui est le plus grand adversaire d'Achille, guerrier grec ? Hector
73%
Combien de temps navigue t-il dans la Méditerranée ? 10 ans
61%
Dans l'Odyssée, de quoi Ulysse fait-il preuve pour survivre ? Ruse
58%
Cet adversaire tue ensuite le meilleur ami d'Achille, quel est son nom ? Patrocle
54%
Qui transforme ses compagnons en cochons ? Circé
49%
Comment s'appelle le cyclope qu'il rencontre au chant IX ? Polyphème
40%
Au chant XI, cet adversaire fait ses adieux à sa femme et son fils. Qu'enlève t-il pour ne pas effrayer son fils ? Son casque
39%
Dans quel chant Achille se venge t-il de la mort de son ami ? Chant XXII
13%
Aucun quiz correspondant
Distribution des résultats
% des personnes avec chaque résultat
Percentile par nombre de réponses
Votre historique - résultats
Vous n’avez pas pris ce quiz